000 01180naa a22003137a 4500
001 BR6009262
003 BR-BrBNA
005 20240918172957.0
007 ta
008 230509b bl.||||| |||| 00| 0 por d
040 _aBR-BrBNA
_bpor
_cBiblioteca Nacional de Agricultura
041 _a(Pt)
072 _aL00; E30; D50
_b7110
_bG514
090 _aL00 BR6009262
100 1 _aHenn, N.F.
111 1 _a1. Congresso Brasileiro de Apicultura
_cFlorianopolis, SC (Brazil)
_d8 May 1970
245 1 _aMunicipalizacao da apicultura. Programa de desenvolvimento da apicultura racional [Producao animal; Projeto de desenvolvimento; Legislacao; Brasil]
260 3 _aFlorianopolis, SC (Brasil):
_c1970.
500 _a1. Congresso Brasileiro de Apicultura Florianopolis, SC (Brasil): 1970. p. 311-313 (BR6009262-AM)L00
650 _aProducao animal
650 _aProjeto de desenvolvimento
650 _aLegislacao
650 _aAbelha
650 _aApicultura
650 _aRio Grande do Sul
773 0 _t1. Congresso Brasileiro de Apicultura
_wL00 BR6009262
_gFlorianopolis, SC (Brasil), 1970. p. 311-313
909 _a202404
_bLucia
_c55
_dLucia Elande
942 _cAM
_2AGRIS
999 _c302347
_d302347